000 00691nas a2200241 4500
001 BR7600535
003 BR-BrBNA
005 20231205082904.0
007 ta
008 230509b bl.|||p| |||| 00| 00por d
040 _aBR-BrBNA
_bpor
_cBiblioteca Nacional de Agricultura
041 _a(Pt)
072 _aK10
100 1 _aLago, A.A. do
100 1 _aMaeda, J.A.
245 1 _aMelhoria da qualidade de sementes de diversas especies de Eucalyptus por meio de ventilacao
650 _aEUCALIPTO
650 _aSEMENTE
650 _aAERACAO
773 0 _tSemente (Brazil)
_x
_g(Dec 1975), v. 1(1) p. 37-43
_wBR7600535
909 _a202311
_bLúcia
_c55
_dLúcia Elande
942 _2AGRIS
_n0
_cANA
999 _c94880
_d94880